UM Logo

The Business of crime : (Record no. 7782)

MARC details
000 -LEADER
fixed length control field 00707nam a2200169 4500
008 - FIXED-LENGTH DATA ELEMENTS--GENERAL INFORMATION
fixed length control field 171118b xxu||||| |||| 00| 0 eng d
020 ## - INTERNATIONAL STANDARD BOOK NUMBER
International Standard Book Number 0813379423
082 ## - DEWEY DECIMAL CLASSIFICATION NUMBER
Edition number 1991
Classification number DC 364.1
Item number B62p
245 ## - TITLE STATEMENT
Title The Business of crime :
Remainder of title a documentary study of organized crime in the American economy /
Statement of responsibility, etc. edited and with an introduction by Alan A. Block.
260 ## - PUBLICATION, DISTRIBUTION, ETC. (IMPRINT)
Place of publication, distribution, etc. Boulder, Colo. :
Name of publisher, distributor, etc. Westview Press,
Date of publication, distribution, etc. ©1991.
300 ## - PHYSICAL DESCRIPTION
Extent vii, 294 pages ;
Dimensions 24 cm.
500 ## - GENERAL NOTE
General note Includes bibliographical references and index.<br/>
650 #0 - SUBJECT ADDED ENTRY--TOPICAL TERM
9 (RLIN) 23485
Topical term or geographic name as entry element Organized crime
General subdivision Economic aspects
Geographic subdivision United States.
650 #0 - SUBJECT ADDED ENTRY--TOPICAL TERM
9 (RLIN) 23486
Topical term or geographic name as entry element Business
General subdivision Corrupt practices
Geographic subdivision United States.
700 ## - ADDED ENTRY--PERSONAL NAME
9 (RLIN) 23487
Personal name Block, Alan A, editor.
942 ## - ADDED ENTRY ELEMENTS (KOHA)
Source of classification or shelving scheme Dewey Decimal Classification
Koha item type Circulation
Holdings
Withdrawn status Lost status Source of classification or shelving scheme Damaged status Not for loan Collection code Home library Current library Date acquired Source of acquisition Total Checkouts Full call number Barcode Date last seen Copy number Price effective from Koha item type
    Dewey Decimal Classification     Circulation UM Digos College - LIC UM Digos College - LIC 09/23/1996 Purchased   DC 364.1 B62p 1991 19622 06/08/2021 1 11/18/2017 Circulation